[Event "IECC Swiss-535.2"]
[Site "IECC email"]
[Date "2008.12.20"]
[Round "?"]
[White "Burchfield, Alec"]
[Black "Foster, Duncan"]
[Result "1/2-1/2"]
[WhiteElo "1524"]
[BlackElo "1669"]
[PlyCount "66"]
[EventDate "2008.??.??"]
[EventType "tourn (corr)"]
[EventRounds "1"]
[SourceTitle "Corr 2011"]
[Source "ChessBase"]
[SourceDate "2010.08.31"]
[SourceVersion "1"]
[SourceVersionDate "2010.08.31"]
[SourceQuality "1"]
[WhiteTeam "US of America"]
[BlackTeam "England"]
[WhiteTeamCountry "USA"]
[BlackTeamCountry "ENG"]

1. e4 e5 2. Nf3 Nf6 3. d4 Nxe4 4. Bd3 d5 5. Nxe5 Nd7 6. Nxd7 Bxd7 7. 0-0 Bd6 8. c4 c6 9. Nc3 0-0 10. Bxe4 dxe4 11. Nxe4 Bxh2+ 12. Kxh2 Qh4+ 13. Kg1 Qxe4 14. Re1 Qg6 15. Bf4 Rfe8 16. Qf3 h5 17. Qg3 Qxg3 18. Bxg3 f6 19. d5 Kf7 20. f3 g5 21. Rac1 Rad8 22. b3 cxd5 23. cxd5 h4 24. Bf2 Rxe1+ 25. Bxe1 Bf5 26. Rc7+ Rd7 27. d6 Ke6 28. Bb4 Bb1 29. a3 Ba2 30. Rc3 b6 31. Re3+ Kf7 32. a4 f5 33. Ba3 Kf6 1/2-1/2

[Event "IECC Swiss-538"]
[Site "IECC email"]
[Date "2008.10.21"]
[Round "?"]
[White "Burchfield, Alec"]
[Black "Copin, Jean Christophe"]
[Result "1-0"]
[WhiteElo "1512"]
[BlackElo "1250"]
[PlyCount "33"]
[EventDate "2008.??.??"]
[EventType "match (corr)"]
[SourceTitle "Corr 2013"]
[Source "ChessBase"]
[SourceDate "2012.11.12"]
[SourceVersion "1"]
[SourceVersionDate "2012.11.12"]
[SourceQuality "1"]
[WhiteTeam "US of America"]
[BlackTeam "Italy"]
[WhiteTeamCountry "USA"]
[BlackTeamCountry "ITA"]

1. e4 e6 2. d4 d5 3. Nc3 c5 4. exd5 exd5 5. Bb5+ Nc6 6. dxc5 d4 7. Qe2+ Be6 8. Ne4 Nf6 9. Bg5 Be7 10. Bxf6 Qa5+ 11. b4 Qc7 12. Bxe7 Kxe7 13. Bxc6 Qxc6 14. Nf3 Rad8 15. 0-0 h6 16. Rad1 b5 17. Nd6 1-0

[Event "IECC Swiss-526.2"]
[Site "IECC email"]
[Date "2007.12.17"]
[Round "?"]
[White "Burchfield, Alec"]
[Black "Foster, Duncan"]
[Result "1/2-1/2"]
[WhiteElo "1467"]
[BlackElo "1608"]
[PlyCount "116"]
[EventDate "2007.??.??"]
[EventType "swiss (corr)"]
[EventRounds "1"]
[SourceTitle "Corr 2020"]
[Source "ChessBase"]
[SourceDate "2019.09.30"]
[SourceVersion "1"]
[SourceVersionDate "2019.09.30"]
[SourceQuality "1"]
[WhiteTeam "United States"]
[BlackTeam "England"]
[WhiteTeamCountry "USA"]
[BlackTeamCountry "ENG"]

1. e4 c6 2. d4 d5 3. exd5 cxd5 4. c4 Nf6 5. Nc3 e6 6. Nf3 Be7 7. cxd5 Nxd5 8. Bd3 Nc6 9. 0-0 0-0 10. Re1 Bf6 11. Be4 Nce7 12. Be3 Qb6 13. Qd3 h6 14. Qe2 Rd8 15. Rad1 Bd7 16. Ne5 Bxe5 17. dxe5 Nxe3 18. Qxe3 Qxe3 19. Rxe3 Bc6 20. Red3 Rxd3 21. Bxd3 Kf8 22. f4 Rd8 23. Kf2 b5 24. a3 a5 25. Bc2 Rxd1 26. Bxd1 b4 27. axb4 axb4 28. Na2 b3 29. Bxb3 Bd5 30. Bxd5 Nxd5 31. Kf3 Ke7 32. Nc3 Nb4 33. Ke4 f5+ 34. exf6+ Kxf6 35. h4 h5 36. g3 Na6 37. Ne2 g6 38. Ng1 Nc5+ 39. Kd4 Nb3+ 40. Kc3 Nc5 41. b4 Ne4+ 42. Kc4 Nxg3 43. b5 Ne4 44. b6 Kf5 45. Ne2 Nd6+ 46. Kc5 Nb7+ 47. Kc6 Na5+ 48. Kb5 Nb7 49. Nd4+ Kxf4 50. Kc6 Na5+ 51. Kc7 g5 52. Nxe6+ Kf5 53. Nxg5 Kg4 54. Ne6 Kxh4 55. Nd8 Kg3 56. Nc6 h4 57. Nxa5 h3 58. b7 h2 1/2-1/2